000 00318nam a22001337a 4500
008 181105b xxu||||| |||| 00| 0 eng d
020 _a9780944210581
041 _aeng
080 _22nd
_a371
100 _a46
101 _aEDU
245 _aTen Steps to Building College Reading Skills
_cLangan,J
942 _2udc
_cBK
999 _c51838
_d51838